Ingerencia expanzie čínskej ekonomiky prostredníctvom novej Hodvábnej cesty pri internacionalizácii renminbi

Na základe aktuálneho vývoja medzinárodného obchodu a finančných a kapitálových trhov vytýčenie prostriedkov internacionalizácie renminbi na trhoch novej Hodvábnej cesty a objasnenie významu a úspešnosti tohto snaženia. Použitá metóda analýzy, syntézy, komparácie a deskripcie v kombinácii s dostupný...

Descripción completa

Guardado en:
Detalles Bibliográficos
Autor principal: Bronček, Juraj
Formato: Capítulo de libro
Lenguaje:eslovaco
Materias:
Etiquetas: Agregar Etiqueta
Sin Etiquetas, Sea el primero en etiquetar este registro!

MARC

LEADER 00000nla a2200000 4500
001 0241272
005 20240502073927.8
041 0 |a slo 
044 |a SK 
245 1 0 |a Ingerencia expanzie čínskej ekonomiky prostredníctvom novej Hodvábnej cesty pri internacionalizácii renminbi  |c Juraj Bronček 
520 |a Na základe aktuálneho vývoja medzinárodného obchodu a finančných a kapitálových trhov vytýčenie prostriedkov internacionalizácie renminbi na trhoch novej Hodvábnej cesty a objasnenie významu a úspešnosti tohto snaženia. Použitá metóda analýzy, syntézy, komparácie a deskripcie v kombinácii s dostupnými štatistickými dátami a výsledkami zahraničných vedeckých štúdií. 
610 2 0 |a projekty medzinárodné 
610 2 0 |a globalizácia 
610 2 0 |a obchod medzinárodný 
610 2 0 |a trh kapitálový medzinárodný 
610 2 0 |a spolupráca hospodárska medzinárodná 
610 2 0 |a Čína 
100 1 |a Bronček, Juraj